000 00629nam a2200205 a 4500
001 BRCA_7266
005 20190320205756.0
008 270112s2009----si-a######---#000-0#eng-#
020 _a9781857595888
041 _aeng
044 _asi
050 4 _aN625
_b.N49 2009
245 1 0 _aNewark Museum
_bSelected Works.
260 _aSingapur
_bScala Publishers
_c2009
300 _a168 p.
_bil. a color
_c23 cm.
500 _aThis book has been published in conjunction with the Newark Museums Centennial Year 2009
610 2 4 _aNewark Museum
_vCatálogos
_917997
650 1 4 _aArte
_vCatálogos
_zNueva Jersey
_917998
942 _2lcc
_cB
999 _c6946
_d6946